Statistics for Top XIs: Austria (1976-2023)

Click here to take the quiz!

General Stats

  • This quiz has been taken 107 times
  • The average score is 122 of 500

Answer Stats

HintPositionAnswer% Correct
2014MFDavid Alaba
95%
2018MFDavid Alaba
95%
2019MFDavid Alaba
95%
2017MFDavid Alaba
95%
2023DFDavid Alaba
95%
2021 EURODFDavid Alaba
95%
2011MFDavid Alaba
95%
2022 LNDFDavid Alaba
95%
2013MFDavid Alaba
95%
2021DFDavid Alaba
95%
2018 LNMFDavid Alaba
95%
2016MFDavid Alaba
95%
2015MFDavid Alaba
95%
2021MFMarcel Sabitzer
83%
2016MFMarcel Sabitzer
83%
2020 LNMFMarcel Sabitzer
83%
2022 LNMFMarcel Sabitzer
83%
2023MFMarcel Sabitzer
83%
2021 EUROMFMarcel Sabitzer
83%
2019MFMarcel Sabitzer
83%
2021STMarko Arnautovic
83%
2011STMarko Arnautovic
83%
2016STMarko Arnautovic
83%
2015STMarko Arnautovic
83%
2010STMarko Arnautovic
83%
2019STMarko Arnautovic
83%
2021 EUROSTMarko Arnautovic
83%
2023STMarko Arnautovic
83%
2014STMarko Arnautovic
83%
2022 LNSTMarko Arnautovic
83%
2017STMarko Arnautovic
83%
2018STMarko Arnautovic
83%
2013STMarko Arnautovic
83%
2012STMarko Arnautovic
83%
2018 LNSTMarko Arnautovic
83%
2022 LNMFKonrad Laimer
60%
2023MFKonrad Laimer
60%
2019MFKonrad Laimer
60%
2021 EUROMFKonrad Laimer
60%
1986DFLeo Lainer
55%
1985DFLeo Lainer
55%
2020 LNDFStefan Lainer
55%
2018 LNDFStefan Lainer
55%
2018DFStefan Lainer
55%
2021 EURODFStefan Lainer
55%
2019DFStefan Lainer
55%
2011DFChristian Fuchs
50%
2013DFChristian Fuchs
50%
2016DFChristian Fuchs
50%
2015DFChristian Fuchs
50%
2007DFChristian Fuchs
50%
2014DFChristian Fuchs
50%
2010DFChristian Fuchs
50%
2009DFChristian Fuchs
50%
2012DFChristian Fuchs
50%
2017MFJulian Baumgartlinger
50%
2018MFJulian Baumgartlinger
50%
2019MFJulian Baumgartlinger
50%
2020 LNMFJulian Baumgartlinger
50%
2015MFJulian Baumgartlinger
50%
2010MFJulian Baumgartlinger
50%
2012MFJulian Baumgartlinger
50%
2011MFJulian Baumgartlinger
50%
2016MFJulian Baumgartlinger
50%
1989STToni Polster
48%
1992STToni Polster
48%
1986STToni Polster
48%
1987STToni Polster
48%
1997STToni Polster
48%
1985STToni Polster
48%
1988STToni Polster
48%
1996STToni Polster
48%
1993STToni Polster
48%
1998STToni Polster
48%
1994STToni Polster
48%
1995STToni Polster
48%
1990STToni Polster
48%
1979STHans Krankl
45%
1976STHans Krankl
45%
1983STHans Krankl
45%
1980STHans Krankl
45%
1978STHans Krankl
45%
1981STHans Krankl
45%
1982STHans Krankl
45%
1977STHans Krankl
45%
2018DFAleksandar Dragović
43%
2011DFAleksandar Dragović
43%
2018 LNDFAleksandar Dragović
43%
2021DFAleksandar Dragović
43%
2021 EURODFAleksandar Dragović
43%
2013DFAleksandar Dragović
43%
2019DFAleksandar Dragović
43%
2015DFAleksandar Dragović
43%
2017DFAleksandar Dragović
43%
2016DFAleksandar Dragović
43%
2009DFAleksandar Dragović
43%
2014DFAleksandar Dragović
43%
2020 LNMFChristoph Baumgartner
43%
2021 EUROMFChristoph Baumgartner
43%
2021MFChristoph Baumgartner
43%
2019DFMartin Hinteregger
43%
2021 EURODFMartin Hinteregger
43%
2018DFMartin Hinteregger
43%
2021DFMartin Hinteregger
43%
2016DFMartin Hinteregger
43%
2018 LNDFMartin Hinteregger
43%
2020 LNDFMartin Hinteregger
43%
2017DFMartin Hinteregger
43%
2014DFMartin Hinteregger
43%
1998MFAndreas Herzog
40%
1991MFAndreas Herzog
40%
1997MFAndreas Herzog
40%
1999MFAndreas Herzog
40%
1989MFAndreas Herzog
40%
1990MFAndreas Herzog
40%
2000MFAndreas Herzog
40%
1993MFAndreas Herzog
40%
1995MFAndreas Herzog
40%
1992MFAndreas Herzog
40%
2002MFAndreas Herzog
40%
1996MFAndreas Herzog
40%
2001MFAndreas Herzog
40%
2010STMarc Janko
40%
2009STMarc Janko
40%
2012STMarc Janko
40%
2015STMarc Janko
40%
2014STMarc Janko
40%
2011STMarc Janko
40%
2023MFXaver Schlager
40%
2021 EUROMFXaver Schlager
40%
2022 LNMFXaver Schlager
40%
2020 LNMFXaver Schlager
40%
2018 LNSTMichael Gregoritsch
38%
2020 LNSTMichael Gregoritsch
38%
1980MFHerbert Prohaska
35%
1984MFHerbert Prohaska
35%
1977MFHerbert Prohaska
35%
1978MFHerbert Prohaska
35%
1983MFHerbert Prohaska
35%
1976MFHerbert Prohaska
35%
1981MFHerbert Prohaska
35%
1979MFHerbert Prohaska
35%
1982MFHerbert Prohaska
35%
1985MFHerbert Prohaska
35%
2022 LNDFMaximilian Wöber
35%
2023DFMaximilian Wöber
35%
2018 LNDFAndreas Ulmer
33%
2020 LNDFAndreas Ulmer
33%
2019DFAndreas Ulmer
33%
1997STIvica Vastić
33%
1999STIvica Vastić
33%
2001STIvica Vastic
33%
2002STIvica Vastic
33%
1996STIvica Vastić
33%
2008STMartin Harnik
33%
2016STMartin Harnik
33%
2015MFMartin Harnik
33%
2011MFMartin Harnik
33%
2013MFMartin Harnik
33%
2014MFMartin Harnik
33%
2010MFMartin Harnik
33%
2015DFSebastian Prödl
33%
2010DFSebastian Prödl
33%
2017DFSebastian Prödl
33%
2012DFSebastian Prödl
33%
2018DFSebastian Prödl
33%
2008DFSebastian Prödl
33%
2018MFAlessandro Schöpf
30%
2022 LNSTAndreas Weimann
28%
2013STAndreas Weimann
28%
2017MFFlorian Grillitsch
28%
2021 EUROMFFlorian Grillitsch
28%
2021MFFlorian Grillitsch
28%
2018MFFlorian Grillitsch
28%
2002DFGerd Wimmer
28%
2019MFValentino Lazaro
28%
2018 LNMFValentino Lazaro
28%
2014MFZlatko Junuzović
28%
2011MFZlatko Junuzović
28%
2012MFZlatko Junuzović
28%
2013MFZlatko Junuzović
28%
2010MFZlatko Junuzović
28%
2015MFZlatko Junuzović
28%
2007MFAndreas Ivanschitz
25%
2005MFAndreas Ivanschitz
25%
2003MFAndreas Ivanschitz
25%
2004MFAndreas Ivanschitz
25%
2012MFAndreas Ivanschitz
25%
2008MFAndreas Ivanschitz
25%
2006MFAndreas Ivanschitz
25%
1987DFBruno Pezzey
23%
1976DFBruno Pezzey
23%
1981DFBruno Pezzey
23%
1982DFBruno Pezzey
23%
1980DFBruno Pezzey
23%
1977DFBruno Pezzey
23%
1979DFBruno Pezzey
23%
1983DFBruno Pezzey
23%
1978DFBruno Pezzey
23%
1984DFBruno Pezzey
23%
1985DFBruno Pezzey
23%
2017STGuido Burgstaller
23%
2018STGuido Burgstaller
23%
2020 LNDFStefan Posch
23%
2017MFFlorian Kainz
20%
2007MFRené Aufhauser
20%
2003MFRené Aufhauser
20%
2008MFRené Aufhauser
20%
2004MFRené Aufhauser
20%
2005MFRené Aufhauser
20%
2002MFRené Aufhauser
20%
2006MFRené Aufhauser
20%
2016MFStefan Ilsanker
20%
2021MFStefan Ilsanker
20%
2018 LNMFStefan Ilsanker
20%
2014MFStefan Ilsanker
20%
2020 LNMFStefan Ilsanker
20%
1991MFPeter Stöger
18%
1994MFPeter Stöger
18%
1992MFPeter Stöger
18%
1980STWalter Schachner
18%
1985STWalter Schachner
18%
1986STWalter Schachner
18%
1984STWalter Schachner
18%
1979STWalter Schachner
18%
1983STWalter Schachner
18%
1982STWalter Schachner
18%
1999DFWolfgang Feiersinger
18%
1995DFWolfgang Feiersinger
18%
1998DFWolfgang Feiersinger
18%
1993DFWolfgang Feiersinger
18%
1994DFWolfgang Feiersinger
18%
1996DFWolfgang Feiersinger
18%
1997DFWolfgang Feiersinger
18%
1994MFAdi Hütter
15%
2006MFChristoph Leitgeb
15%
2008MFChristoph Leitgeb
15%
2007MFChristoph Leitgeb
15%
2009STErwin Hoffer
15%
2015DFFlorian Klein
15%
2016DFFlorian Klein
15%
2014DFFlorian Klein
15%
2023DFGernot Trauner
15%
2022 LNDFGernot Trauner
15%
2013DFGyörgy Garics
15%
2012DFGyörgy Garics
15%
2008DFGyörgy Garics
15%
2007DFGyörgy Garics
15%
2000DFMartin Stranzl
15%
2003DFMartin Stranzl
15%
2008DFMartin Stranzl
15%
2006DFMartin Stranzl
15%
2005DFMartin Stranzl
15%
2004DFMartin Stranzl
15%
2007DFMartin Stranzl
15%
1999MFRoman Mählich
15%
1997MFRoman Mählich
15%
1998MFRoman Mählich
15%
2022 LNDFChristopher Trimmel
13%
2021DFChristopher Trimmel
13%
1995MFDietmar Kühbauer
13%
1993MFDietmar Kühbauer
13%
1999MFDietmar Kühbauer
13%
2005MFDietmar Kühbauer
13%
2004MFDietmar Kühbauer
13%
2000MFDietmar Kühbauer
13%
1998MFDietmar Kühbauer
13%
2001MFDietmar Kühbauer
13%
1999DFGünther Neukirchner
13%
2000DFGünther Neukirchner
13%
1995STHeimo Pfeifenberger
13%
1993MFHeimo Pfeifenberger
13%
1994STHeimo Pfeifenberger
13%
1998MFHeimo Pfeifenberger
13%
1984DFHeribert Weber
13%
1981DFHeribert Weber
13%
1989DFHeribert Weber
13%
1983MFHeribert Weber
13%
1980DFHeribert Weber
13%
1988DFHeribert Weber
13%
1985MFHeribert Weber
13%
1986MFHeribert Weber
13%
1976DFHeribert Weber
13%
2009MFJakob Jantscher
13%
1976MFJosef Hickersberger
13%
1977MFJosef Hickersberger
13%
1978MFJosef Hickersberger
13%
2006DFMartin Hiden
13%
2007DFMartin Hiden
13%
2001DFMartin Hiden
13%
2004DFMartin Hiden
13%
2002DFMartin Hiden
13%
2023MFNicolas Seiwald
13%
2022 LNMFNicolas Seiwald
13%
2008MFÜmit Korkmaz
13%
2009MFVeli Kavlak
13%
2012MFVeli Kavlak
13%
2013MFVeli Kavlak
13%
2010MFVeli Kavlak
13%
1996MFAndreas Heraf
10%
1997MFAndreas Heraf
10%
2005DFAndreas Ibertsberger
10%
1991STAndreas Ogris
10%
1993STAndreas Ogris
10%
1988STAndreas Ogris
10%
1987STAndreas Ogris
10%
1992STAndreas Ogris
10%
1989DFAnton Pfeffer
10%
1994DFAnton Pfeffer
10%
1996DFAnton Pfeffer
10%
1988DFAnton Pfeffer
10%
1998DFAnton Pfeffer
10%
1997DFAnton Pfeffer
10%
1995DFAnton Pfeffer
10%
2008DFEmanuel Pogatetz
10%
2006DFEmanuel Pogatetz
10%
2005DFEmanuel Pogatetz
10%
2004DFEmanuel Pogatetz
10%
2011DFEmanuel Pogatetz
10%
2003DFEmanuel Pogatetz
10%
2012DFEmanuel Pogatetz
10%
2013DFEmanuel Pogatetz
10%
2009DFFranz Schiemer
10%
2010DFFranz Schiemer
10%
1989STGerhard Rodax
10%
1990STGerhard Rodax
10%
1981MFKurt Jara
10%
1980MFKurt Jara
10%
1979MFKurt Jara
10%
1978MFKurt Jara
10%
2021MFLouis Schaub
10%
2009DFPaul Scharner
10%
1997DFPeter Schöttel
10%
1995DFPeter Schöttel
10%
1998DFPeter Schöttel
10%
1994DFPeter Schöttel
10%
1996DFPeter Schöttel
10%
1991DFPeter Schöttel
10%
1990MFPeter Schöttel
10%
2023DFPhillipp Mwene
10%
1986MFReinhard Kienast
10%
1987MFReinhard Kienast
10%
1977DFRobert Sara
10%
1978DFRobert Sara
10%
1979DFRobert Sara
10%
1976DFRobert Sara
10%
2003MFRoland Kirchler
10%
2000MFRoland Kirchler
10%
2004MFRoland Kirchler
10%
2005STChristian Mayrleb
8%
2000STChristian Mayrleb
8%
1999STChristian Mayrleb
8%
1992MFChristian Prosenik
8%
1999MFChristian Prosenik
8%
1994MFChristian Prosenik
8%
2011DFEkrem Dag
8%
2010DFEkrem Dag
8%
1982DFErich Obermayer
8%
1978DFErich Obermayer
8%
1979DFErich Obermayer
8%
1984DFErich Obermayer
8%
1983DFErich Obermayer
8%
1980DFErich Obermayer
8%
1999MFHarald Cerny
8%
1997MFHarald Cerny
8%
1998MFHarald Cerny
8%
2007MFJoachim Standfest
8%
2006DFJoachim Standfest
8%
2004DFJoachim Standfest
8%
2023STJunior Adamu
8%
2004STMario Haas
8%
2003STMario Haas
8%
2001STMario Haas
8%
2001MFMarkus Schopp
8%
1995MFMarkus Schopp
8%
1996MFMarkus Schopp
8%
2005MFMarkus Schopp
8%
2002MFMarkus Schopp
8%
2004MFMarkus Schopp
8%
2003MFMarkus Schopp
8%
2000MFMarkus Schopp
8%
2001DFMichael Baur
8%
1991DFMichael Baur
8%
2002DFMichael Baur
8%
1993DFMichael Baur
8%
1992DFMichael Baur
8%
2017DFMoritz Bauer
8%
2018 LNMFPeter Zulj
8%
1976MFRoland Hattenberger
8%
1977MFRoland Hattenberger
8%
1979MFRoland Hattenberger
8%
1980MFRoland Hattenberger
8%
1981MFRoland Hattenberger
8%
1982MFRoland Hattenberger
8%
2002STRoman Wallner
8%
1990STAlfred Hörtnagl
5%
2009MFAndreas Hölzl
5%
1996MFArnold Wetl
5%
1998MFArnold Wetl
5%
1995DFChristian Fürstaller
5%
1977DFEdi Krieger
5%
1978MFEdi Krieger
5%
1982MFErnst Baumeister
5%
1988MFErnst Baumeister
5%
1987MFErnst Baumeister
5%
1983MFErnst Baumeister
5%
1986MFErnst Baumeister
5%
1983MFFelix Gasselich
5%
1984MFFelix Gasselich
5%
1983DFJosef Degeorgi
5%
1982DFJosef Degeorgi
5%
1986DFJosef Degeorgi
5%
1987DFKarl Brauneder
5%
1986DFKarl Brauneder
5%
1985DFKarl Brauneder
5%
1988DFKurt Russ
5%
1989DFKurt Russ
5%
1990DFKurt Russ
5%
1991DFKurt Russ
5%
2000DFMichael Hatz
5%
1988DFRobert Pecl
5%
1990DFRobert Pecl
5%
1989DFRobert Pecl
5%
1992DFRobert Wazinger
5%
2007STSanel Kuljić
5%
2006STSanel Kuljić
5%
2000MFThomas Flögel
5%
2001MFThomas Flögel
5%
2002MFThomas Flögel
5%
2003MFThomas Flögel
5%
2006MFThomas Prager
5%
2000DFThomas Winklhofer
5%
1999DFThomas Winklhofer
5%
2001DFThomas Winklhofer
5%
1991DFWalter Kogler
5%
1979STWilli Kreuz
5%
1977STWilli Kreuz
5%
1978STWilli Kreuz
5%
2009MFYasin Pehlivan
5%
2005DFAnton Ehmann
3%
2003DFAnton Ehmann
3%
1981DFBernd Krauss
3%
1982DFBernd Krauss
3%
1984MFBernd Krauss
3%
1983DFBernd Krauss
3%
1990DFErnst Aigner
3%
2002DFErnst Dospel
3%
2003DFErnst Dospel
3%
1994DFFranz Aigner
3%
1984DFGerald Messlender
3%
1986DFGerald Messlender
3%
1985DFGerald Messlender
3%
1987DFGerald Piesinger
3%
1987MFGerald Willfurth
3%
1988MFGerald Willfurth
3%
1985MFGerald Willfurth
3%
1978DFGerhard Breitenberger
3%
1977DFGerhard Breitenberger
3%
2001DFGilbert Prilasnig
3%
1997MFGilbert Prilasnig
3%
1981DFHans-Dieter Mirnegg
3%
1979DFHans-Dieter Mirnegg
3%
1980DFHans-Dieter Mirnegg
3%
1976STHans Pirkner
3%
1976MFHeinrich Strasser
3%
1980STKurt Welzl
3%
1981STKurt Welzl
3%
1986MFManfred Linzmaier
3%
1989MFManfred Linzmaier
3%
1992DFManfred Zsak
3%
1990MFManfred Zsak
3%
1993DFManfred Zsak
3%
1991MFManfred Zsak
3%
1987MFManfred Zsak
3%
1988MFManfred Zsak
3%
1989MFManfred Zsak
3%
1993DFMichael Streiter
3%
1992DFMichael Streiter
3%
1990DFMichael Streiter
3%
1992MFPeter Artner
3%
1993MFPeter Artner
3%
1991MFPeter Artner
3%
1988MFPeter Artner
3%
1994MFPeter Artner
3%
1989MFPeter Artner
3%
1982MFReinhold Hintermaier
3%
1981MFReinhold Hintermaier
3%
1984STRich. Niederbacher
3%
1987DFRobert Frind
3%
1977MFSepp Stering
3%
1995MFStefan Marasek
3%
1996MFStefan Marasek
3%
1984MFWalter Hörmann
3%
1985MFWalter Hörmann
3%
1991STChristoph Westerhaler
0%
1976DFHerbert Oberhofer
0%
2007STRoland Linz
0%
2008STRoland Linz
0%
2006STRoland Linz
0%
2005STRoland Linz
0%

Score Distribution

Percentile by Number Answered

Percent of People with Each Score

Your Score History

You have not taken this quiz